KOMPLEXITA RIPARIÁLNEJ ZÓNY - PRÍKLAD RURÁLNEHO SEGMENTU VODNÉHO TOKU TORYSA

Bibliographic Details
Main Authors: Cebecauerová, Martina (Author), Lehotský, Milan, 1950- (Author)
Other Authors: Contrerasová, Hana, 1945- (Translator)
Format: Article
Language:Slovak
Subjects:

MARC

LEADER 00000nab a2200000Iu 4500
001 vtls011499066
003 SK-MaSNL
005 20260426072337.0
008 230218|2012 xo |||||||||||||||||slo|
015 |a SNBRB 
035 |a (urnnbn)urn:nbn:sk:snk:ar-a0a9sp 
035 |a (uuid)89e645a7-daf8-4a33-b0c8-0c9c86a05d9c 
035 |a urn:nbn:sk:snk-abdtyn 
040 |a SNKBUCL  |b slo  |c SNKBUCL  |e AACR2 
041 0 |a slo 
044 |a xo  |c SK 
080 |a 124  |2 2001 
080 |a 316.334.55  |2 2001 
080 |a 556.52/.53  |2 2001 
080 |a 556.53  |2 2001 
080 |a (437.6)  |2 2011 
100 1 |a Cebecauerová, Martina  |4 aut  |9 12758 
245 1 0 |a KOMPLEXITA RIPARIÁLNEJ ZÓNY - PRÍKLAD RURÁLNEHO SEGMENTU VODNÉHO TOKU TORYSA  |c Martina Cebecauerová, Milan Lehotský, H. Contrerasová 
246 3 |a Complexity of riparian zone - case study of rural segment of the River Torysa 
504 |a Bibliografické odkazy 
650 0 7 |a komplexita  |2 SNKPH  |9 68991 
650 0 7 |a vidiek  |2 SNKPH  |9 3814 
650 0 7 |a vodné toky  |2 SNKPH  |9 3750 
650 0 7 |a rieky  |2 SNKPH  |9 29644 
651 7 |a Torysa (Slovensko)  |2 SNKPH  |9 40749 
651 7 |a Slovensko  |2 SNKPH  |9 14231 
700 1 |a Lehotský, Milan,  |d 1950-  |4 aut  |9 100142 
700 1 |a Contrerasová, Hana,  |d 1945-  |4 trl  |9 89456 
773 0 |t Geografický časopis Slovenskej akadémie vied  |g Roč. 64, č. 2 (2012), s. [133]-154 
954 |a odborná, vedecká literatúra pôvodná (slovenská)  |2 lita 
958 |a NB 
958 |a OND 
958 |a EUIPO 
958 |a article20 
999 |c 2687635  |d 2689565